• 首页
  • 本馆介绍
  • 公告通知
  • 最新文献
  • 馆藏检索
  • 电子资源
  • 读者导购
  • 参考咨询
  • 我的图书馆
  • 登录
  • 详细信息显示
  • 放入我的书架
  • 预约/预借图书
  • 作者相关作品
  • 分类相关作品
  • 丛书相关作品
  • 出版社相关作品

书目信息

  • 表格格式
  • 工作单格式
  • 卡片格式
题名:
畜产品供需协调度和生产区域优化布局研究
    
 
作者: 刘秀丽 , 汪寿阳 著
分册:  
出版信息: 北京   科学出版社  2013
页数: 147页
开本: 24cm
丛书名: 经济预测科学丛书
单 册:
中图分类: F326.3
科图分类:
主题词: 畜产品--供需平衡--协调发展--研究--中国 , 畜产品--生产布局--研究--中国 , 畜产品 , 供需平衡 , 协调发展 , 生产布局
电子资源:
ISBN: 978-7-03-037319-9
000 01498oam2 2200325 450
001 523
005 20140909094200.43
010    @a978-7-03-037319-9@dCNY52.00
100    @a20131108d2013 em y0chiy50 ea
101 0  @achi
102    @aCN@b110000
105    @ay z 000yy
106    @ar
200 1  @a畜产品供需协调度和生产区域优化布局研究@AXu Chan Pin Gong Xu Xie Diao Du He Sheng Chan Qu Yu You Hua Bu Ju Yan Jiu@f刘秀丽,汪寿阳等著@FLiu Xiu Li, Wang Shou Yang Deng Zhu
210    @a北京@c科学出版社@d2013
215    @a147页@d24cm
225 2  @a经济预测科学丛书
330    @a本书首次提出了拟需求量的概念,建立了我国猪肉、原料奶供给量和拟需求量的预测模型,给出了畜产品供需协调度的测定方法和技术,并对生猪和原料奶的供需协调度进行了测算和预测。从资源和环境承载力的角度,构建了我国31个省(自治区、直辖市)生猪、奶牛养殖业综合生产能力评价指标体系,评价了我国31个省(自治区、直辖市)生猪、奶牛养殖业的综合生产能力。建立了考虑资源环境约束和区域间供需平衡约束的多目标优化模型,给出了“十二五”期间我国31个省(自治区、直辖市)生猪和奶牛养殖的合理规模和布局等政策建议。
461  0 @12001 @a经济预测科学丛书
606 0  @a畜产品@x供需平衡@x协调发展@x研究@y中国
606 0  @a畜产品@x生产布局@x研究@y中国
606 0  @a畜产品
606 0  @a供需平衡
606 0  @a协调发展
606 0  @a生产布局
690    @aF326.3@v5
701  0 @a刘秀丽@ALiu Xiu Li@c(女,@f1975~)@4著
701  0 @a汪寿阳@AWang Shou Yang@f(1958~)@4著
801  0 @aCN@bTANGWEI@c20140603
905    @b0838369-71@dF326.3@e155@f3
    
    畜产品供需协调度和生产区域优化布局研究/刘秀丽,汪寿阳等著.-北京:科学出版社,2013
    147页;24cm.-(经济预测科学丛书)
    
    
    ISBN 978-7-03-037319-9:CNY52.00
    本书首次提出了拟需求量的概念,建立了我国猪肉、原料奶供给量和拟需求量的预测模型,给出了畜产品供需协调度的测定方法和技术,并对生猪和原料奶的供需协调度进行了测算和预测。从资源和环境承载力的角度,构建了我国31个省(自治区、直辖市)生猪、奶牛养殖业综合生产能力评价指标体系,评价了我国31个省(自治区、直辖市)生猪、奶牛养殖业的综合生产能力。建立了考虑资源环境约束和区域间供需平衡约束的多目标优化模型,给出了“十二五”期间我国31个省(自治区、直辖市)生猪和奶牛养殖的合理规模和布局等政策建议。
●
相关链接 在E读中查询图书 在五车中查询图书 在当当中查询图书 在豆瓣中查询图书


正题名:畜产品供需协调度和生产区域优化布局研究     索取号:F326.3/155         预约/预借

序号 登录号 条形码 馆藏地/架位号 状态 备注
1 0838369   208383694   第一样本阅览室/ [索取号:F326.3/155] 在馆    
2 0838370   208383701   第一借阅区/ [索取号:F326.3/155] 在馆    
3 0838371   208383710   密集书库-海洋学院/ [索取号:F326.3/155] 在馆    
唐山师范学院图书馆 欢迎您!
大连网信软件有限公司© 版权所有